000 00293nam a22001337a 4500
008 170203b xxu||||| |||| 00| 0 eng d
020 _a9780323079754
041 _aeng
080 _28TH
_a61
100 _a3
101 _aSHM
245 _aVIRTUAL CLINICAL EXCURSIONS
_cLEWIS
942 _2udc
_cBK
999 _c4470
_d4470